| 000 | 00787nam a22002177a 4500 | ||
|---|---|---|---|
| 999 |
_c5046 _d5046 |
||
| 003 | AR-CdUCM | ||
| 008 | 190311b ||||| |||| 00| 0 spa d | ||
| 040 |
_aMUNICIPALIDAD PROVINCIAL DEL CUSCO _cBIBLIOTECA MUNICIPAL DEL CUSCO |
||
| 082 |
_a869.56 / _bC18 |
||
| 100 |
_aCalvo, Cesar _9634 |
||
| 245 | _aPuerta de viaje / | ||
| 260 |
_aPerú : _bKotosh, _c1989. |
||
| 300 |
_a57 paginas ; _c22 cm. |
||
| 505 | _aContenido : José Pavletich -- Estatuas del viento -- Vacilación -- Madre -- Cesar Calvo -- Elegía -- La única canción -- Balada sin regreso -- Yo no canto por cantar ... | ||
| 650 |
_aLiteratura peruana _9169 |
||
| 650 |
_aLiteratura Latinoamericana _9799 |
||
| 650 |
_aPerú siglo XX _91357 |
||
| 700 |
_aPavletich, José _9789 |
||
| 942 |
_2ddc _cLIBROS |
||
| 945 | _arah | ||